000 00691nam a2200253Ia 4500
003 OSt
005 20220912152311.0
006 a|||||r|||| 00| 0
007 ta
008 220909b |||||||| |||| 00| 0 eng d
024 _a52673
037 _cTextual
040 _aCSL
_beng
_cCSL
041 _aeng
082 _aH2p1,N73, L3.1
100 _aSrivantava L S
111 _aSymposium on rock mechanism and tunnelling problems (1973 : Kurukshetra)
245 0 _aProceeding on rock mechanics and tunnelling problems
260 _c1973
300 _ap.
_ccm.
650 _aGeology
942 _hH2p1,N73, L3.1
_cTEXL
_2CC
999 _c84105
_d84105